| 000 | 01155nam a2200289 a 4500 | ||
|---|---|---|---|
| 999 |
_c398459 _d398459 |
||
| 003 | BLK | ||
| 005 | 20250710104319.0 | ||
| 008 | 210215b bu |||||r|||| 00| | bu d | ||
| 020 | _a9789547833272 | ||
| 040 | _aBLK | ||
| 041 |
_aBUL _cBUL |
||
| 080 |
_aЕмоции, чувства, преживявания. Емпатия _b159.942 _z159.942 |
||
| 100 |
_91299 _aТърнър, Тина _eпърви автор |
||
| 139 |
_aТърнър, Тина _bТ 96 |
||
| 245 |
_aЩастието ти отива _bПътеводител за по-добър живот _cТина Търнър; прев. от англ. Тодор Кенов. |
||
| 260 |
_aСофия _bLocus publishing _c2021 _fАлианс Принт |
||
| 300 |
_a224 с. _bсн. _c21 см. |
||
| 380 | _a1 | ||
| 490 |
_9417409 _aБиблиотека Via sine fine _v12 |
||
| 501 | _aОрг. заглавие: Happiness becomes you/ Tina Turner | ||
| 700 |
_aКенов, Тодор Кенов _9363938 |
||
| 730 |
_aHappiness becomes you/ Tina Turner _9441388 |
||
| 852 | _bП | ||
| 942 |
_cKNG _n0 _s1 _022 |
||
| 944 |
_aCR _c2021-02-15 _k30576 _lЦветомила Тодорова |
||
| 999 | _d398459 | ||